[Event "DEM U12/U12w 2015"]
[Site "Willingen GER"]
[Date "2015.05.29"]
[Round "10"]
[White "Höfs, Cederik"]
[Black "Marzisch, Darius"]
[Result "0-1"]
[Termination "normal"]
[Board "35"]
[WhiteElo "1377"]
[BlackElo "1499"]
[PlyCount "128"]
[WhiteFideId "16207653"]
[BlackFideId "12997480"]
[EventCountry "GER"]
[EventRounds "11"]
[EventType "swiss"]
[EventDate "2015.05.23"]

1. e4 e5 2. Nf3 Nc6 3. d4 exd4 4. Nxd4 Nf6 5. Nxc6 dxc6 6. Qxd8+ Kxd8 7. Bg5
Be7 8. Nc3 Be6 9. O-O-O+ Ke8 10. Bf4 Rc8 11. Be2 Ng4 12. Bxg4 Bxg4 13. f3 Be6
14. a3 f6 15. Rhe1 Kf7 16. Ne2 c5 17. Nc3 c6 18. Be3 Rcd8 19. f4 b6 20. h3
Rxd1+ 21. Rxd1 Rd8 22. Rxd8 Bxd8 23. f5 Bc4 24. g4 g5 25. Nd1 Ke7 26. e5 h6 27.
e6 Bc7 28. Nf2 Bg3 29. Ne4 Be5 30. Nd2 Bd5 31. Bf2 Bg2 32. h4 Bh3 33. Nf3 Bxg4
34. Nxe5 fxe5 35. hxg5 hxg5 36. Be3 Bxf5 37. Bxg5+ Kxe6 38. c3 Kd5 39. Kd2 Kc4
40. Kc1 Kd3 41. Kd1 e4 42. Bf4 Bg4+ 43. Ke1 Kc2 44. Bb8 a6 45. Ba7 b5 46. Bxc5
Kxb2 47. Bb4 Kb3 48. Kd2 Kc4 49. Ke3 Bf3 50. Kd2 c5 51. Ba5 Kb3 52. c4 Kxc4 53.
a4 b4 54. Bd8 b3 55. Bf6 Kb4 56. Bc3+ Kxa4 57. Bb2 Kb4 58. Ke3 a5 59. Kd2 a4
60. Kc1 e3 61. Bd4 cxd4 62. Kb1 e2 63. Kb2 a3+ 64. Kc1 e1=Q# 0-1

[Event "DEM U12/U12w 2015"]
[Site "Willingen GER"]
[Date "2015.05.29"]
[Round "10"]
[White "Goltser, Ilja"]
[Black "Böttner, Oliver"]
[Result "0-1"]
[Termination "normal"]
[Board "36"]
[WhiteElo "1164"]
[BlackElo "1363"]
[PlyCount "100"]
[WhiteFideId "14174782"]
[BlackFideId "16208870"]
[EventCountry "GER"]
[EventRounds "11"]
[EventType "swiss"]
[EventDate "2015.05.23"]

1. d4 d5 2. c4 c6 3. g3 Bf5 4. Nd2 Nf6 5. Bg2 Nbd7 6. Ngf3 g6 7. O-O Bg7 8. e3
O-O 9. b3 Qc7 10. Bb2 Ne4 11. Rc1 Qa5 12. a3 Qb6 13. Nxe4 Bxe4 14. Nh4 Bxg2 15.
Nxg2 dxc4 16. Rxc4 Rad8 17. Qc2 e5 18. dxe5 Bxe5 19. Rb4 Qc7 20. Bxe5 Nxe5 21.
f4 Nd7 22. e4 a5 23. Rc4 Nb6 24. Rc3 Qd6 25. a4 Qd2 26. Rb1 Qxc2 27. Rxc2 Rd4
28. e5 Rb4 29. Ne3 Nxa4 30. Nc4 Ra8 31. Ra1 Nc5 32. Rxa5 Rxa5 33. Nxa5 Ne6 34.
Rb2 Nd4 35. Kf2 Rb5 36. Nc4 Rxb3 37. Rxb3 Nxb3 38. Ke3 b5 39. Nd6 Kf8 40. Kd3
Ke7 41. Kc3 Nc1 42. Kd4 Ke6 43. Kc5 Nd3+ 44. Kxc6 b4 45. Nc4 b3 46. Nd2 b2 47.
Kb5 Ne1 48. Kc4 Nf3 49. Nb1 Nxh2 50. Kc3 Nf1 0-1

[Event "DEM U12/U12w 2015"]
[Site "Willingen GER"]
[Date "2015.05.29"]
[Round "10"]
[White "Gutmann, Anna"]
[Black "Kurzweil, Naemi"]
[Result "1-0"]
[Termination "normal"]
[Board "37"]
[WhiteElo "1303"]
[BlackElo "1232"]
[PlyCount "37"]
[WhiteFideId "16208889"]
[BlackFideId "12985708"]
[EventCountry "GER"]
[EventRounds "11"]
[EventType "swiss"]
[EventDate "2015.05.23"]

1. e4 c5 2. Nf3 d6 3. d4 cxd4 4. Nxd4 a6 5. Nc3 Nf6 6. Bc4 b5 7. Bb3 Bb7 8. O-O
Nxe4 9. Qf3 e6 10. Nxe4 f5 11. Nxd6+ Qxd6 12. Qxb7 Qxd4 13. Qxa8 Qd6 14. Bg5 h6
15. Rfe1 e5 16. Rad1 Qc7 17. Bf4 Bd6 18. Qd5 Be7 19. Qf7# 1-0

[Event "DEM U12/U12w 2015"]
[Site "Willingen GER"]
[Date "2015.05.29"]
[Round "10"]
[White "Ruppert, Paula"]
[Black "Sinnhöfer, Lilian"]
[Result "1-0"]
[Termination "normal"]
[Board "38"]
[WhiteElo "1443"]
[BlackElo "1106"]
[PlyCount "127"]
[WhiteFideId "12979996"]
[BlackFideId "12977586"]
[EventCountry "GER"]
[EventRounds "11"]
[EventType "swiss"]
[EventDate "2015.05.23"]

1. e4 e5 2. Nf3 Nc6 3. d4 exd4 4. Bc4 Nf6 5. e5 d5 6. Bb5 Ne4 7. Nxd4 Bd7 8.
Bxc6 bxc6 9. O-O Be7 10. f3 Nc5 11. f4 O-O 12. Be3 Ne4 13. Nd2 Nxd2 14. Qxd2
Rb8 15. Nb3 a6 16. f5 Re8 17. Qf2 h6 18. f6 gxf6 19. exf6 Bxf6 20. Bxh6 Bxb2
21. Qxf7+ Kh8 22. Rad1 Be6 23. Qh5 Qe7 24. Bc1+ Qh7 25. Qxh7+ Kxh7 26. Bxb2 a5
27. Bc3 Rg8 28. Rd3 Ra8 29. Rf6 Bg4 30. Rxc6 Raf8 31. Rxc7+ Kh6 32. h3 Be2 33.
Rxd5 Rf1+ 34. Kh2 Rf2 35. Rc6+ Rg6 36. Bd2+ Kh7 37. Rd7+ Rg7 38. Rxg7+ Kxg7 39.
Bc3+ Kf7 40. Rc7+ Ke8 41. Kg3 Rf1 42. Nd4 Bd1 43. Bxa5 Rf6 44. c4 Ra6 45. Rc5
Ba4 46. h4 Bd7 47. h5 Ke7 48. Bb4 Kf7 49. Ra5 Rb6 50. Bd2 Kg8 51. h6 Rd6 52.
Rd5 Rg6+ 53. Rg5 Rxg5+ 54. Bxg5 Bc8 55. Kf4 Bb7 56. g3 Bc8 57. c5 Bd7 58. c6
Bc8 59. c7 Kh7 60. Nf5 Be6 61. Ne7 Bxa2 62. c8=Q Bf7 63. Qc2+ Kh8 64. Bf6# 1-0

[Event "DEM U12/U12w 2015"]
[Site "Willingen GER"]
[Date "2015.05.29"]
[Round "10"]
[White "Basovskiy, Jana"]
[Black "Delgado, Celina"]
[Result "1/2-1/2"]
[Termination "normal"]
[Board "39"]
[WhiteElo "1367"]
[BlackElo "1153"]
[PlyCount "63"]
[WhiteFideId "16208617"]
[BlackFideId "12993735"]
[EventCountry "GER"]
[EventRounds "11"]
[EventType "swiss"]
[EventDate "2015.05.23"]

1. e4 e5 2. Nf3 Nc6 3. Bc4 Bc5 4. c3 Nf6 5. d3 h6 6. Nbd2 O-O 7. O-O d6 8. h3
Re8 9. Re1 Be6 10. Bb3 Bxb3 11. axb3 Qd7 12. Nf1 Rad8 13. Ng3 d5 14. exd5 Nxd5
15. Qc2 Nf6 16. Be3 Bxe3 17. Rxe3 Nd5 18. Ree1 Nf4 19. Rad1 Qc8 20. d4 exd4 21.
Rxe8+ Rxe8 22. Nxd4 Nxd4 23. Rxd4 Ng6 24. Qd2 Ne5 25. Kh2 Nc6 26. Rg4 Ne5 27.
Rf4 Qd7 28. Rd4 Qc8 29. Rd5 Nc6 30. Qf4 Qe6 31. Rb5 Qc8 32. Nh5 1/2-1/2

[Event "DEM U12/U12w 2015"]
[Site "Willingen GER"]
[Date "2015.05.29"]
[Round "10"]
[White "Truong, Lisa"]
[Black "Knape, Albert"]
[Result "1-0"]
[Termination "normal"]
[Board "40"]
[WhiteElo "1264"]
[BlackElo "1222"]
[PlyCount "51"]
[WhiteFideId "12983462"]
[BlackFideId "16208919"]
[EventCountry "GER"]
[EventRounds "11"]
[EventType "swiss"]
[EventDate "2015.05.23"]

1. e4 e5 2. Nf3 Nc6 3. d4 exd4 4. Nxd4 Qh4 5. Nc3 Bb4 6. Be2 Bxc3+ 7. bxc3 a6
8. O-O Nge7 9. Bd3 O-O 10. f4 d6 11. f5 Ne5 12. Rf4 Qf6 13. Qh5 g5 14. Rf1 h6
15. h4 N7c6 16. hxg5 hxg5 17. Bxg5 Qh8 18. Bh6 Re8 19. Rf4 Qh7 20. Qg5+ Kh8 21.
Rh4 Rg8 22. Qf6+ Rg7 23. Bxg7+ Kg8 24. Rxh7 Kxh7 25. Qh6+ Kg8 26. Qh8# 1-0

[Event "DEM U12/U12w 2015"]
[Site "Willingen GER"]
[Date "2015.05.29"]
[Round "10"]
[White "Abele, Anais"]
[Black "Bardorz, Jana"]
[Result "0-1"]
[Termination "normal"]
[Board "41"]
[WhiteElo "1210"]
[BlackElo "1263"]
[PlyCount "112"]
[WhiteFideId "16208927"]
[BlackFideId "16208897"]
[EventCountry "GER"]
[EventRounds "11"]
[EventType "swiss"]
[EventDate "2015.05.23"]

1. e4 e5 2. Nf3 Nc6 3. Bb5 a6 4. Ba4 Nf6 5. O-O Be7 6. Re1 b5 7. Bb3 d6 8. c3
Bg4 9. d3 O-O 10. Nbd2 Na5 11. Bc2 c5 12. Nf1 Nc6 13. h3 Bh5 14. Ng3 Bg6 15.
Be3 d5 16. Bd2 Qd6 17. Qe2 d4 18. cxd4 Nxd4 19. Nxd4 Qxd4 20. Bc3 Qd6 21. Rad1
Rfd8 22. a3 Rd7 23. b4 cxb4 24. Bxb4 Qc6 25. Bxe7 Rxe7 26. Rc1 Qd6 27. a4 Rd8
28. axb5 axb5 29. Rb1 Rb7 30. Ba4 b4 31. Red1 Nd7 32. Bxd7 Rdxd7 33. Qd2 f6 34.
Ne2 Bxe4 35. Qa2+ Bd5 36. Qd2 Bc4 37. d4 Kf7 38. Qe1 Bxe2 39. Qxe2 exd4 40. Re1
Re7 41. Qh5+ Kg8 42. Rxe7 Rxe7 43. Qa5 d3 44. Qa8+ Kf7 45. Qa2+ Kf8 46. Qa8+
Re8 47. Qa1 d2 48. Rd1 b3 49. Qb1 Qb4 50. Kh2 Re1 51. g3 Rxd1 52. Qxd1 b2 53.
Qb1 Qb3 54. Qxh7 b1=Q 55. Qh8+ Kf7 56. Qh5+ Qg6 0-1

[Event "DEM U12/U12w 2015"]
[Site "Willingen GER"]
[Date "2015.05.29"]
[Round "10"]
[White "Glinzner, Alva"]
[Black "Nguyen, Vanessa"]
[Result "1-0"]
[Termination "normal"]
[Board "42"]
[WhiteElo "1257"]
[BlackElo "923"]
[PlyCount "93"]
[WhiteFideId "16206169"]
[BlackFideId "12993492"]
[EventCountry "GER"]
[EventRounds "11"]
[EventType "swiss"]
[EventDate "2015.05.23"]

1. e4 e5 2. Nf3 Nc6 3. d4 exd4 4. Nxd4 Nf6 5. Nc3 Bb4 6. Nxc6 bxc6 7. Bd3 O-O
8. O-O d5 9. exd5 cxd5 10. Ne2 Bd6 11. Re1 Bg4 12. Be3 c6 13. Qd2 Ne4 14. Bxe4
dxe4 15. Qc3 Qc7 16. Ng3 Be5 17. Bd4 Rae8 18. Bxe5 Rxe5 19. Rxe4 Rxe4 20. Nxe4
Re8 21. Ng3 Qb6 22. Re1 Rd8 23. h3 Bh5 24. Nxh5 f6 25. Qg3 g6 26. Nxf6+ Kg7 27.
Nh5+ Kg8 28. b3 Qa5 29. Re5 Qxa2 30. Kh2 Qxc2 31. Rg5 Rf8 32. Qe5 Rf7 33. Nf6+
Kf8 34. Qe8+ Kg7 35. Ng4 Qd2 36. Qe5+ Kf8 37. Qh8+ Ke7 38. Re5+ Kd7 39. Qe8+
Kc7 40. Qxf7+ Kb6 41. Ne3 Qd4 42. Nc4+ Qxc4 43. Qxc4 Kb7 44. Qb4+ Kc7 45. Re7+
Kc8 46. Qb7+ Kd8 47. Qd7# 1-0

[Event "DEM U12/U12w 2015"]
[Site "Willingen GER"]
[Date "2015.05.29"]
[Round "10"]
[White "Zell, Hannah"]
[Black "Peters, Malte"]
[Result "1-0"]
[Termination "normal"]
[Board "43"]
[WhiteElo "1224"]
[BlackElo "1007"]
[PlyCount "69"]
[WhiteFideId "16208900"]
[BlackFideId "16208978"]
[EventCountry "GER"]
[EventRounds "11"]
[EventType "swiss"]
[EventDate "2015.05.23"]

1. e4 c5 2. c4 Nc6 3. g3 g6 4. Bg2 Bg7 5. Ne2 d6 6. Nbc3 Bg4 7. d3 e5 8. O-O
Nf6 9. a3 O-O 10. Rb1 Qd7 11. b4 Bh3 12. f4 Bxg2 13. Kxg2 Rfd8 14. f5 Ne7 15.
Bg5 Kh8 16. fxg6 Qe6 17. gxh7 b6 18. Ng1 Rf8 19. Qf3 Nd7 20. Bxe7 Qxe7 21. Nd5
Qg5 22. Nh3 Qh6 23. Qf5 Rad8 24. Ng5 Rde8 25. Nxf7+ Rxf7 26. Qxf7 Rd8 27. Qe7
Rf8 28. Rxf8+ Nxf8 29. Rf1 Qd2+ 30. Kg1 Qh6 31. Qxa7 cxb4 32. axb4 Ne6 33. Qxb6
Nd4 34. Qd8+ Kxh7 35. b5 1-0

[Event "DEM U12/U12w 2015"]
[Site "Willingen GER"]
[Date "2015.05.29"]
[Round "10"]
[White "Fischer, Laura"]
[Black "Fuchs, Emily"]
[Result "1-0"]
[Termination "normal"]
[Board "44"]
[WhiteElo "1207"]
[BlackElo "946"]
[PlyCount "113"]
[WhiteFideId "16208935"]
[BlackFideId "16208986"]
[EventCountry "GER"]
[EventRounds "11"]
[EventType "swiss"]
[EventDate "2015.05.23"]

1. e4 e5 2. Nf3 Nc6 3. Bc4 Bc5 4. O-O Nf6 5. d4 exd4 6. e5 Ng4 7. Nxd4 Ngxe5 8.
Nxc6 bxc6 9. Re1 d6 10. Bf4 O-O 11. Bxe5 dxe5 12. Nc3 Qh4 13. Ne4 Bxf2+ 14.
Nxf2 Qxc4 15. Rxe5 Bb7 16. Qd3 Qxd3 17. Nxd3 Rfe8 18. Rae1 Rxe5 19. Rxe5 f6 20.
Re7 Rc8 21. Nc5 Ba8 22. Ne6 c5 23. Rxg7+ Kh8 24. Rxc7 Rxc7 25. Nxc7 Be4 26. Ne6
Bxc2 27. Nxc5 h5 28. b4 Bf5 29. a4 Bc8 30. b5 Kg7 31. a5 Kg6 32. b6 axb6 33.
axb6 f5 34. b7 Bxb7 35. Nxb7 h4 36. Kf2 Kg5 37. Kf3 h3 38. g3 Kh5 39. Kf4 Kg6
40. Nd8 Kf6 41. Nc6 Ke6 42. Nd4+ Kf6 43. Nxf5 Kg6 44. Kg4 Kf6 45. Ne3 Kg6 46.
Kxh3 Kh5 47. g4+ Kg5 48. Kg3 Kg6 49. h4 Kh6 50. Kf4 Kg6 51. h5+ Kh6 52. Kf5 Kh7
53. Kf6 Kh8 54. Nf5 Kg8 55. Ne7+ Kh8 56. g5 Kh7 57. g6+ 1-0

[Event "DEM U12/U12w 2015"]
[Site "Willingen GER"]
[Date "2015.05.29"]
[Round "10"]
[White "Biermann, Sophie"]
[Black "Ortlepp, Klaudia"]
[Result "0-1"]
[Termination "normal"]
[Board "45"]
[WhiteElo "1136"]
[BlackElo "1243"]
[PlyCount "128"]
[WhiteFideId "16208960"]
[BlackFideId "16206045"]
[EventCountry "GER"]
[EventRounds "11"]
[EventType "swiss"]
[EventDate "2015.05.23"]

1. e4 e5 2. Nf3 Nc6 3. Bc4 Nf6 4. d3 Bc5 5. Nc3 a6 6. a4 O-O 7. O-O h6 8. Be3
Bb6 9. Qd2 d6 10. h3 Na5 11. Ba2 Be6 12. b4 Nc6 13. Nd5 Re8 14. Rfe1 Ba7 15. d4
Nxe4 16. Qd3 Nf6 17. Nxf6+ Qxf6 18. dxe5 dxe5 19. Bxa7 Rxa7 20. c3 Raa8 21. b5
Rad8 22. Qe3 axb5 23. axb5 Ne7 24. b6 Bxa2 25. Rxa2 Nd5 26. Qc1 Nxb6 27. Rae2
Rd5 28. Qa1 Ra8 29. Qc1 Raa5 30. Rd1 Rxd1+ 31. Qxd1 Qd6 32. Qxd6 cxd6 33. Re4
Ra4 34. Re2 Ra1+ 35. Kh2 Rc1 36. Rd2 Nc4 37. Rd5 Rxc3 38. Nd2 Nxd2 39. Rxd2 Rc6
40. Rb2 b6 41. Kg1 Kf8 42. Kf1 d5 43. Rb5 Rd6 44. Ke2 f6 45. f3 Ke7 46. Kd3 Kd7
47. g4 g6 48. h4 f5 49. g5 hxg5 50. hxg5 e4+ 51. Ke3 d4+ 52. Kf2 e3+ 53. Ke2
d3+ 54. Kxe3 d2 55. Rb1 d1=Q 56. Rxd1 Rxd1 57. Kf4 b5 58. Ke5 Ke7 59. f4 Rc1
60. Kd5 b4 61. Kd4 b3 62. Kd3 b2 63. Kd4 b1=Q 64. Kd5 Qe4# 0-1

[Event "DEM U12/U12w 2015"]
[Site "Willingen GER"]
[Date "2015.05.29"]
[Round "10"]
[White "Zha, Kevin"]
[Black "Rothenberg, Nina"]
[Result "0-1"]
[Termination "normal"]
[Board "46"]
[WhiteElo "1154"]
[BlackElo "1174"]
[PlyCount "86"]
[WhiteFideId "16208951"]
[BlackFideId "16208943"]
[EventCountry "GER"]
[EventRounds "11"]
[EventType "swiss"]
[EventDate "2015.05.23"]

1. e4 e6 2. d4 d5 3. e5 c5 4. c3 Qb6 5. Nf3 Bd7 6. Bd3 Bb5 7. O-O Bxd3 8. Qxd3
Qa6 9. Qxa6 Nxa6 10. Bf4 b5 11. Nbd2 Ne7 12. b3 Nc6 13. Be3 b4 14. c4 dxc4 15.
Nxc4 Be7 16. a3 O-O 17. Rfd1 Rfd8 18. Nd6 cxd4 19. Nxd4 Nxd4 20. Rxd4 bxa3 21.
Rxa3 Nc7 22. Rd1 Nd5 23. Ra6 Nxe3 24. fxe3 h6 25. b4 Kh7 26. b5 Kg6 27. b6 axb6
28. Rxb6 Rd7 29. Rf1 Bg5 30. Nxf7 Bxe3+ 31. Kh1 Bxb6 32. Nd6 Bd4 33. Nc4 Ra4
34. Rc1 Rc7 35. h3 Raxc4 36. Rxc4 Rxc4 37. g4 Rc2 38. g5 Kxg5 39. h4+ Kg4 40.
h5 Bxe5 41. Kg1 Kf3 42. Kh1 Kg3 43. Kg1 Rc1# 0-1

[Event "DEM U12/U12w 2015"]
[Site "Willingen GER"]
[Date "2015.05.30"]
[Round "11"]
[White "Yankelevich, Michael"]
[Black "Trifan, Andrei Ioan"]
[Result "1/2-1/2"]
[Termination "normal"]
[Board "1"]
[WhiteElo "1810"]
[BlackElo "1864"]
[WhiteClock "00:59:00"]
[BlackClock "00:38:46"]
[PlyCount "40"]
[WhiteFideId "12921440"]
[BlackFideId "12967068"]
[EventCountry "GER"]
[EventRounds "11"]
[EventType "swiss"]
[EventDate "2015.05.23"]

1. e4 d5 2. exd5 Qxd5 3. Nc3 Qd6 4. d4 a6 5. g3 Nf6 6. Bg2 Bg4 7. f3 Bh5 8. Bf4
Qb6 9. Nge2 Nc6 10. Qd2 O-O-O 11. O-O-O e5 12. Be3 exd4 13. Nxd4 Bb4 14. Bh3+
Nd7 15. Ne6 Bxc3 16. Qxc3 Nb4 17. Bxb6 Nxa2+ 18. Kb1 Nxc3+ 19. bxc3 fxe6 20. g4
Nxb6 1/2-1/2

[Event "DEM U12/U12w 2015"]
[Site "Willingen GER"]
[Date "2015.05.30"]
[Round "11"]
[White "Dobrikov, Marco"]
[Black "Suvorov, Alexander"]
[Result "0-1"]
[Termination "normal"]
[Board "2"]
[WhiteElo "1947"]
[BlackElo "1938"]
[WhiteClock "00:33:59"]
[BlackClock "00:03:19"]
[PlyCount "102"]
[WhiteFideId "12950378"]
[BlackFideId "12977063"]
[EventCountry "GER"]
[EventRounds "11"]
[EventType "swiss"]
[EventDate "2015.05.23"]

1. e4 c6 2. Nc3 d5 3. Nf3 Bg4 4. h3 Bxf3 5. Qxf3 e6 6. d3 Nd7 7. Bd2 Ngf6 8. g3
Be7 9. Bg2 O-O 10. O-O a6 11. Qd1 b5 12. f4 dxe4 13. dxe4 Bc5+ 14. Kh2 Nb6 15.
e5 Nfd5 16. Ne4 Be7 17. b3 Qc7 18. Qe2 a5 19. a3 b4 20. a4 Ra7 21. Rfd1 Rd8 22.
Be1 Qb8 23. Rd2 Rad7 24. Rad1 Qc7 25. Bf2 Bf8 26. Qa6 Nc8 27. Nc5 Bxc5 28. Bxc5
g6 29. Rd4 Kg7 30. R1d3 h5 31. Rc4 Nce7 32. Bxe7 Nxe7 33. Rxd7 Rxd7 34. Bxc6
Rd2+ 35. Bg2 Qd7 36. Re4 Rxc2 37. Re2 Rc3 38. Qd6 Qa7 39. g4 hxg4 40. hxg4 Rc1
41. Kg3 Rc3+ 42. Kh2 Rxb3 43. f5 gxf5 44. gxf5 Nxf5 45. Qd2 Qe7 46. Re4 Rg3 47.
Bh3 Rg6 48. Rg4 Rxg4 49. Bxg4 Qh4+ 50. Kg2 Qxg4+ 51. Kh2 b3 0-1

[Event "DEM U12/U12w 2015"]
[Site "Willingen GER"]
[Date "2015.05.30"]
[Round "11"]
[White "Biermann, Florian"]
[Black "Stork, Oliver"]
[Result "0-1"]
[Termination "normal"]
[Board "3"]
[WhiteElo "1709"]
[BlackElo "1844"]
[WhiteClock "00:08:02"]
[BlackClock "00:04:34"]
[PlyCount "126"]
[WhiteFideId "12970069"]
[BlackFideId "12955728"]
[EventCountry "GER"]
[EventRounds "11"]
[EventType "swiss"]
[EventDate "2015.05.23"]

1. d4 d5 2. c4 e6 3. Nf3 Nf6 4. g3 Bb4+ 5. Nc3 O-O 6. Bg2 b6 7. O-O Bb7 8. Qa4
Be7 9. Ne5 c6 10. Rd1 a6 11. Qc2 Nbd7 12. e4 dxc4 13. Nxc4 b5 14. Ne3 Nb6 15.
b3 Rc8 16. Bb2 Qc7 17. Rac1 Rfd8 18. Qb1 Qb8 19. h3 Qa8 20. Kh2 c5 21. e5 cxd4
22. Bxb7 Qxb7 23. exf6 Bxf6 24. Ng4 dxc3 25. Nxf6+ gxf6 26. Rxd8+ Rxd8 27. Bxc3
Qf3 28. Qb2 e5 29. Ba5 Rd6 30. Rc3 Qd1 31. Bxb6 Rxb6 32. Qc2 Qxc2 33. Rxc2 Rd6
34. Kg2 f5 35. Rc8+ Kg7 36. Ra8 e4 37. Kf1 Rc6 38. Ke1 Kf6 39. Rh8 Rc2 40. a4
bxa4 41. bxa4 Ra2 42. Rxh7 Rxa4 43. Rh6+ Kg7 44. Rb6 Ra2 45. Kf1 a5 46. Ra6 a4
47. Ke1 a3 48. Kf1 Kh7 49. h4 Kg7 50. h5 Kg8 51. Ra8+ Kg7 52. Ra6 Ra1+ 53. Kg2
Ra2 54. Kf1 f6 55. Kg1 Kh6 56. Rxf6+ Kg5 57. Ra6 Kxh5 58. Ra5 Kg4 59. Kf1 f4
60. Ra8 e3 61. fxe3 Kf3 62. Kg1 Ra1+ 63. Kh2 fxg3+ 0-1

[Event "DEM U12/U12w 2015"]
[Site "Willingen GER"]
[Date "2015.05.30"]
[Round "11"]
[White "Paeslack, Luis"]
[Black "Li, Simon"]
[Result "0-1"]
[Termination "normal"]
[Board "4"]
[WhiteElo "1775"]
[BlackElo "1907"]
[WhiteClock "00:47:13"]
[BlackClock "00:51:36"]
[PlyCount "70"]
[WhiteFideId "12987760"]
[BlackFideId "12972134"]
[EventCountry "GER"]
[EventRounds "11"]
[EventType "swiss"]
[EventDate "2015.05.23"]

1. e4 c5 2. Nf3 Nc6 3. d4 cxd4 4. Nxd4 g6 5. Nc3 Bg7 6. Be3 Nf6 7. Bc4 O-O 8.
O-O d6 9. h3 a6 10. a4 Bd7 11. Qd2 Rc8 12. Bb3 Na5 13. Qd3 Nxb3 14. Nxb3 Be6
15. Nd2 Nd7 16. Ra3 Ne5 17. Qe2 Nc4 18. Nxc4 Bxc4 19. Qd2 Bxf1 20. Kxf1 Qa5 21.
Bd4 Bxd4 22. Qxd4 Qc5 23. Qd5 Qxd5 24. Nxd5 Rxc2 25. Nxe7+ Kg7 26. Rb3 Rc4 27.
f3 Rb8 28. a5 Rc5 29. Rb6 Kf8 30. Nd5 Rxa5 31. Rxd6 Rc8 32. Rd7 Rc2 33. Nc3
Ra1+ 34. Rd1 Rxd1+ 35. Nxd1 Rd2 0-1

[Event "DEM U12/U12w 2015"]
[Site "Willingen GER"]
[Date "2015.05.30"]
[Round "11"]
[White "Tong, Kevin"]
[Black "Nguyen, Alex Dac-Vuong"]
[Result "1-0"]
[Termination "normal"]
[Board "5"]
[WhiteElo "2017"]
[BlackElo "1885"]
[WhiteClock "00:02:23"]
[BlackClock "00:53:03"]
[PlyCount "85"]
[WhiteFideId "12913944"]
[BlackFideId "12984388"]
[EventCountry "GER"]
[EventRounds "11"]
[EventType "swiss"]
[EventDate "2015.05.23"]

1. e4 e6 2. d4 d5 3. Nc3 Nf6 4. Bg5 Be7 5. e5 Nfd7 6. h4 h6 7. Be3 c5 8. Qg4 g6
9. f4 h5 10. Qg3 Qb6 11. O-O-O c4 12. Qh3 Qa5 13. g4 b5 14. Be2 b4 15. Nb1 c3
16. Bf2 cxb2+ 17. Kxb2 Ba6 18. gxh5 gxh5 19. f5 Nf8 20. Bxa6 Nxa6 21. Nf3 Rc8
22. Rd2 Nc7 23. f6 Bd8 24. Ng5 Ng6 25. Qb3 Nb5 26. Rg1 Rc3 27. Nxc3 bxc3+ 28.
Ka1 cxd2 29. Kb2 Rg8 30. Nf3 Bb6 31. Be3 Nc7 32. Kb1 Qb5 33. Bxd2 Qxb3+ 34.
axb3 Nb5 35. c3 Kd7 36. Rg5 a5 37. Rxh5 Rh8 38. Rxh8 Nxh8 39. h5 a4 40. bxa4
Na3+ 41. Ka2 Nc4 42. Bh6 Ke8 43. Bg7 1-0

[Event "DEM U12/U12w 2015"]
[Site "Willingen GER"]
[Date "2015.05.30"]
[Round "11"]
[White "Sulayev, Daniel"]
[Black "Weishäutel, Moritz"]
[Result "0-1"]
[Termination "normal"]
[Board "6"]
[WhiteElo "1709"]
[BlackElo "1963"]
[WhiteClock "00:53:41"]
[BlackClock "00:51:38"]
[PlyCount "66"]
[WhiteFideId "12977675"]
[BlackFideId "12967300"]
[EventCountry "GER"]
[EventRounds "11"]
[EventType "swiss"]
[EventDate "2015.05.23"]

1. e4 e6 2. d4 d5 3. Nc3 Nf6 4. Bg5 Bb4 5. e5 h6 6. Bd2 Bxc3 7. bxc3 Ne4 8. Bd3
Nxd2 9. Qxd2 c5 10. f4 c4 11. Be2 Nc6 12. Nf3 Qe7 13. a3 Kd8 14. O-O Kc7 15.
Qe1 Bd7 16. Qg3 f5 17. Nh4 Be8 18. Ng6 Bxg6 19. Qxg6 Rag8 20. Bh5 Qd7 21. Qf7
Ne7 22. Be2 g5 23. Qh5 Ng6 24. fxg5 hxg5 25. Qf3 Qh7 26. h3 Nf4 27. Rab1 Nxe2+
28. Qxe2 g4 29. hxg4 Rxg4 30. Qf3 Qh2+ 31. Kf2 Rf4 32. Rh1 Rxf3+ 33. Kxf3 Qxh1
0-1

[Event "DEM U12/U12w 2015"]
[Site "Willingen GER"]
[Date "2015.05.30"]
[Round "11"]
[White "Biermann, Lenhard"]
[Black "Pajeken, Jakob Leon"]
[Result "0-1"]
[Termination "normal"]
[Board "7"]
[WhiteElo "1622"]
[BlackElo "1797"]
[WhiteClock "00:10:05"]
[BlackClock "00:52:19"]
[PlyCount "114"]
[WhiteFideId "12970077"]
[BlackFideId "12942839"]
[EventCountry "GER"]
[EventRounds "11"]
[EventType "swiss"]
[EventDate "2015.05.23"]

1. d4 d5 2. c4 dxc4 3. Nf3 Nf6 4. e3 e6 5. Bxc4 c5 6. O-O a6 7. a4 Nc6 8. Qe2
Qc7 9. Rd1 Be7 10. dxc5 Bxc5 11. b3 O-O 12. Bb2 e5 13. h3 e4 14. Ng5 Ne5 15.
Nc3 Bf5 16. Bd5 Nxd5 17. Nxd5 Qd6 18. Nc3 Qg6 19. Rd5 Be7 20. Ncxe4 Bxe4 21.
Nxe4 Qxe4 22. Rxe5 Qb4 23. Ba3 Qc3 24. Bb2 Qb4 25. Rxe7 Qxe7 26. Ba3 Qe5 27.
Bb2 Qe6 28. Qg4 Qxg4 29. hxg4 Rfd8 30. Bd4 Rac8 31. a5 Rc2 32. b4 Rc4 33. Bc5
Rxg4 34. Rc1 Rd7 35. f3 Rg6 36. Rc2 h5 37. Kf2 Rc6 38. Re2 f6 39. e4 Re6 40.
Rc2 Kf7 41. Rb2 Rc6 42. Ke3 Ke6 43. Rb1 Rc8 44. Rh1 Rh8 45. Rb1 Rhd8 46. Rb2 g5
47. Bb6 Rd3+ 48. Ke2 R8d7 49. Bc5 Rc3 50. Rd2 Rxd2+ 51. Kxd2 Ra3 52. Ke2 Ra2+
53. Kf1 f5 54. exf5+ Kxf5 55. Kg1 g4 56. fxg4+ hxg4 57. g3 Ke4 0-1

[Event "DEM U12/U12w 2015"]
[Site "Willingen GER"]
[Date "2015.05.30"]
[Round "11"]
[White "Yi, Danny"]
[Black "Breitzmann, Sander"]
[Result "1/2-1/2"]
[Termination "normal"]
[Board "8"]
[WhiteElo "1778"]
[BlackElo "1415"]
[WhiteClock "00:28:40"]
[BlackClock "00:13:30"]
[PlyCount "76"]
[WhiteFideId "12988588"]
[BlackFideId "12987085"]
[EventCountry "GER"]
[EventRounds "11"]
[EventType "swiss"]
[EventDate "2015.05.23"]

1. e4 e5 2. Nf3 Nc6 3. Bc4 Bc5 4. c3 Nf6 5. d4 exd4 6. e5 d5 7. Bb5 Ne4 8. cxd4
Bb6 9. Nc3 Bg4 10. Be3 O-O 11. Qc2 Bf5 12. Bxc6 bxc6 13. Nxe4 dxe4 14. O-O-O
Qd5 15. Nh4 Bg4 16. Rde1 f5 17. h3 Bh5 18. g4 Bg6 19. gxf5 Bxf5 20. Nxf5 Rxf5
21. Qb3 a5 22. Rhg1 a4 23. Qxd5+ cxd5 24. h4 c5 25. dxc5 Bxc5 26. Bxc5 Rc8 27.
Rg5 Rxc5+ 28. Kb1 Rxf2 29. e6 g6 30. h5 Rf5 31. e7 Kf7 32. hxg6+ hxg6 33. e8=Q+
Kxe8 34. Rxg6 Ke7 35. Ra6 Rc4 36. Rh1 Rf7 37. Ra7+ Kf8 38. Ra8+ Kg7 1/2-1/2

[Event "DEM U12/U12w 2015"]
[Site "Willingen GER"]
[Date "2015.05.30"]
[Round "11"]
[White "Helmer, Jan"]
[Black "Post, Hugo"]
[Result "0-1"]
[Termination "normal"]
[Board "9"]
[WhiteElo "1691"]
[BlackElo "1774"]
[PlyCount "60"]
[WhiteFideId "12956686"]
[BlackFideId "12962490"]
[EventCountry "GER"]
[EventRounds "11"]
[EventType "swiss"]
[EventDate "2015.05.23"]

1. d4 Nf6 2. Nf3 c5 3. e3 g6 4. c3 Bg7 5. Bd3 O-O 6. O-O Qc7 7. Nbd2 a6 8. e4
d5 9. exd5 cxd4 10. c4 Bd7 11. b3 Nxd5 12. cxd5 Qc3 13. Ne4 Qxa1 14. Qd2 f5 15.
Ba3 Qxf1+ 16. Kxf1 fxe4 17. Bxe4 Bb5+ 18. Kg1 Bf6 19. Nxd4 Nd7 20. Ne6 Rf7 21.
f4 Kh8 22. f5 gxf5 23. Bxf5 Rc8 24. Qh6 Nf8 25. g4 Nxe6 26. dxe6 Rg7 27. h4 Rf8
28. Kg2 Bc6+ 29. Kh3 Be5 30. Qe3 Rxf5 0-1